Subjektivität als Problem psychologischer Methodik: 3. Internationaler Kongreß Kritische Psychologie, Marburg 1984
| Körperschaft: | |
|---|---|
| Beteiligte: | ; |
| Medienart: | Druck Buch |
| Sprache: | Deutsch |
| Veröffentlicht: |
Frankfurt/M. [u.a.]
Campus-Verl.
1985
|
| In: | Jahr: 1985 |
| Online-Zugang: |
Inhaltsverzeichnis Inhaltsverzeichnis |
| Bestand in Tübingen: | In Tübingen vorhanden. IFK: N II 129 |
| Verfügbarkeit prüfen: | HBZ Gateway |
| Subito Bestelldienst: | Jetzt bestellen. |
| Schlagwörter: |
MARC
| LEADER | 00000cam a2200000 c 4500 | ||
|---|---|---|---|
| 001 | 27356269X | ||
| 003 | DE-627 | ||
| 005 | 20260206202824.0 | ||
| 007 | tu | ||
| 008 | 850101s1985 gw ||||| 00| ||ger c | ||
| 015 | |a 85,N32,0062 |2 dnb | ||
| 015 | |a 85,A45,0106 |2 dnb | ||
| 016 | 7 | |a 850663776 |2 DE-101 | |
| 020 | |a 359333495X |9 3-593-33495-X | ||
| 035 | |a (DE-627)27356269X | ||
| 035 | |a (DE-603)092631185 | ||
| 035 | |a (DE-576)010090975 | ||
| 035 | |a (DE-599)GBV27356269X | ||
| 035 | |a (OCoLC)241552893 | ||
| 035 | |a (OCoLC)13662911 | ||
| 035 | |a (OCoLC)310656937 | ||
| 035 | |a (OCoLC)611887906 | ||
| 035 | |a (OCoLC)13662911 | ||
| 035 | |a (DE-604)8004319273 | ||
| 035 | |a (AT-OBV)AC00841934 | ||
| 040 | |a DE-627 |b ger |c DE-627 |e rakwb | ||
| 041 | |a ger | ||
| 044 | |c XA-DE |c XD-US | ||
| 050 | 0 | |a BF38.5 | |
| 084 | |a 11 |2 sdnb | ||
| 084 | |a 5,2 |2 ssgn | ||
| 084 | |a CM 2200 |2 rvk |0 (DE-625)rvk/18943: | ||
| 084 | |a 77.03 |2 bkl | ||
| 245 | 0 | 0 | |a Subjektivität als Problem psychologischer Methodik |b 3. Internationaler Kongreß Kritische Psychologie, Marburg 1984 |c Karl-Heinz Braun ... (Hrsg.) |
| 264 | 1 | |a Frankfurt/M. [u.a.] |b Campus-Verl. |c 1985 | |
| 300 | |a 369 S. |c 21 cm | ||
| 336 | |a Text |b txt |2 rdacontent | ||
| 337 | |a ohne Hilfsmittel zu benutzen |b n |2 rdamedia | ||
| 338 | |a Band |b nc |2 rdacarrier | ||
| 500 | |a Literaturangaben | ||
| 650 | 0 | |a Psychology |x Methodology |x Congresses | |
| 650 | 0 | |a Psychology |x Addresses and lectures | |
| 650 | 0 | 7 | |0 (DE-588)4058323-5 |0 (DE-627)106147706 |0 (DE-576)209125764 |a Subjektivität |2 gnd |
| 650 | 0 | 7 | |0 (DE-588)4047704-6 |0 (DE-627)106193821 |0 (DE-576)209074426 |a Psychologie |2 gnd |
| 650 | 0 | 7 | |0 (DE-588)4038971-6 |0 (DE-627)106230158 |0 (DE-576)209032642 |a Methode |2 gnd |
| 650 | 4 | |a Psychologische Forschung | |
| 650 | 4 | |a Methodologie | |
| 650 | 4 | |a Erkenntnistheorie | |
| 650 | 4 | |a Sozialpsychologie | |
| 650 | 4 | |a Klinische Psychologie | |
| 650 | 4 | |a Curriculumforschung | |
| 650 | 4 | |a Entwicklungspsychologie | |
| 650 | 4 | |a Kongreß | |
| 650 | 4 | |a Psychologie | |
| 650 | 4 | |a Subjektivität | |
| 653 | 0 | |a Psychology |a Methodology |a Congresses | |
| 653 | 0 | |a Subjectivity |a Congresses | |
| 655 | 7 | |a Konferenzschrift |y 1984 |z Marburg |0 (DE-588)1071861417 |0 (DE-627)826484824 |0 (DE-576)433375485 |2 gnd-content | |
| 655 | 7 | |a Konferenzschrift |0 (DE-588)1071861417 |0 (DE-627)826484824 |0 (DE-576)433375485 |2 gnd-content | |
| 655 | 7 | |a Konferenzschrift |y 1984 |z Marburg, Lahn |0 (DE-588)1071861417 |0 (DE-627)826484824 |0 (DE-576)433375485 |2 gnd-content | |
| 689 | 0 | 0 | |d s |0 (DE-588)4114318-8 |0 (DE-627)10582304X |0 (DE-576)209483628 |a Kritische Psychologie |2 gnd |
| 689 | 0 | |5 DE-101 | |
| 689 | 1 | 0 | |d s |0 (DE-588)4114318-8 |0 (DE-627)10582304X |0 (DE-576)209483628 |a Kritische Psychologie |2 gnd |
| 689 | 1 | |5 (DE-627) | |
| 689 | 2 | 0 | |d s |0 (DE-588)4058323-5 |0 (DE-627)106147706 |0 (DE-576)209125764 |a Subjektivität |2 gnd |
| 689 | 2 | |5 (DE-627) | |
| 689 | 3 | 0 | |d s |0 (DE-588)4047704-6 |0 (DE-627)106193821 |0 (DE-576)209074426 |a Psychologie |2 gnd |
| 689 | 3 | 1 | |d s |0 (DE-588)4139716-2 |0 (DE-627)105633291 |0 (DE-576)209696737 |a Methodologie |2 gnd |
| 689 | 3 | |5 (DE-627) | |
| 689 | 4 | 0 | |d s |0 (DE-588)4038971-6 |0 (DE-627)106230158 |0 (DE-576)209032642 |a Methode |2 gnd |
| 689 | 4 | |5 (DE-627) | |
| 700 | 1 | |a Braun, Karl-Heinz |d 1948- |e Hrsg. |0 (DE-588)14026650X |0 (DE-627)616970897 |0 (DE-576)316165042 |4 edt | |
| 700 | 1 | |a Holzkamp, Klaus |d 1927-1995 |0 (DE-588)118553305 |0 (DE-627)079350860 |0 (DE-576)161477402 |4 oth | |
| 711 | 2 | |a Internationaler Kongress Kritische Psychologie |n 3 |d 1984 |c Marburg |0 (DE-588)2082171-2 |0 (DE-627)100097715 |0 (DE-576)192499254 |4 oth | |
| 856 | 4 | 2 | |u https://swbplus.bsz-bw.de/bsz010090975inh.htm |m B:DE-576;DE-352 |q application/pdf |v 20090310092344 |x Verlag |3 Inhaltsverzeichnis |7 1 |
| 856 | 4 | 2 | |u http://scans.hebis.de/HEBCGI/show.pl?09263118_toc.pdf |m V:DE-576;B:DE-352 |q application/pdf |3 Inhaltsverzeichnis |7 1 |
| 889 | |w (DE-627)025107593 | ||
| 889 | |w (DE-627)112190189 | ||
| 935 | |i mdedup | ||
| 935 | |i Blocktest | ||
| 936 | r | v | |a CM 2200 |b Methodik und Wissenschaftstheorie der Psychologie |k Psychologie |k Allgemeines. Geschichte und Methodik |k Methodik und Wissenschaftstheorie der Psychologie |0 (DE-627)1271484781 |0 (DE-625)rvk/18943: |0 (DE-576)201484781 |
| 936 | b | k | |a 77.03 |j Methoden und Techniken der Psychologie |0 (DE-627)106418386 |
| 936 | s | n | |a c200 |2 mzub |
| 938 | 1 | 0 | |0 (DE-627)1756160848 |0 (DE-615)6602365 |a Psychologie |2 fivt |
| 938 | 1 | 0 | |0 (DE-627)1756154724 |0 (DE-615)6606496 |a Methodologie |2 fivt |
| 938 | 1 | 0 | |0 (DE-627)1756240361 |0 (DE-615)6604572 |a Methode |2 fivt |
| 951 | |a BO | ||
| ELC | |b 1 | ||
| LOK | |0 000 xxxxxcx a22 zn 4500 | ||
| LOK | |0 001 3210821631 | ||
| LOK | |0 003 DE-627 | ||
| LOK | |0 004 27356269X | ||
| LOK | |0 005 20020607000000 | ||
| LOK | |0 008 930125||||||||||||||||ger||||||| | ||
| LOK | |0 040 |a DE-21-110 |c DE-627 |d DE-21-110 | ||
| LOK | |0 852 |a DE-21-110 | ||
| LOK | |0 852 1 |c N II 129 |m p |9 00 | ||
| LOK | |0 935 |a k110 | ||
| LOK | |0 936ln |a 8.7.5 | ||
| LOK | |0 938 |k p | ||
| LOK | |0 939 |a 25-01-93 |b l01 | ||
| ORI | |a SA-MARC-krimdoka001.raw | ||
| SIG | |a IFK: N II 129 | ||
| TIM | |a 100019840101_100019841231 |b 1984 - 1984 | ||
